000 00872nam a2200253 a 4500
005 20200104041516.0
008 140224b1995 mx ||||| |||| 00| 0 spa d
040 _aCO-BoIAVH
_cCO-BoIAVH
041 _aspa
_heng
044 _amx
090 _aLB
_b00916
100 _aAranda, Marcelo
_99975
245 _aConservación, análisis y manejo planificado para los felinos de México
_breporte del taller realizado del 27 de febrero al 1 de marzo de 1995
246 _aConservation, assessment and management plan for
260 _aPuebla
_bIUCN
_bSSC
_bConservation Breeding Specialist Group
_c1995
300 _a111 p.
650 _aConservación de biodiversidad
_9345
650 _aManejo sostenible
_944495
650 _aFelinos silvestres
_99976
650 _aListas rojas UICN
_91359
650 _aEspecies amenazadas
_9157
662 _aMéxico
942 _cINFORME
_2z
999 _c928
_d928